La litterature polonaise au XIX siecle / (Record no. 52044)

MARC details
000 -LEADER
campo de control de longitud fija 00612nam a2200181 i 4500
001 - NÚMERO DE CONTROL
campo de control 52044
003 - IDENTIFICADOR DE NÚMERO DE CONTROL
campo de control ES-MaACL
005 - FECHA Y HORA DE LA ÚLTIMA TRANSACCIÓN
campo de control 20230906162510.0
007 - CAMPO FIJO DE DESCRIPCIÓN FÍSICA--INFORMACIÓN GENERAL
campo de control de longitud fija t|
008 - DATOS DE LONGITUD FIJA--INFORMACIÓN GENERAL
campo de control de longitud fija 030825s1933 fr ||||1| fre d
100 1# - ENTRADA PRINCIPAL--NOMBRE DE PERSONA
Nombre de persona Chlebowski, Bronislas.
9 (RLIN) 38575
245 13 - MENCIÓN DEL TÍTULO
Título La litterature polonaise au XIX siecle /
Mención de responsabilidad, etc. par Bronislas Chlebowski ; ouvrage posthume publiée et completée par Manfred Kridl.
260 ## - PUBLICACIÓN, DISTRIBUCIÓN, ETC.
Lugar de publicación, distribución, etc. Paris :
Nombre del editor, distribuidor, etc. Honoré Champion,
Fecha de publicación, distribución, etc. 1933 (
Lugar de fabricación/manufactura Saint Amand :
Fabricante Bussière)
300 ## - DESCRIPCIÓN FÍSICA
Extensión 533 p. ;
Dimensiones 25 cm.
650 #4 - PUNTO DE ACCESO ADICIONAL DE MATERIA--TÉRMINO DE MATERIA
Término de materia o nombre geográfico como elemento de entrada Literatura polaca.
9 (RLIN) 136430
700 1# - ENTRADA AGREGADA--NOMBRE PERSONAL
Nombre de persona Kridl, Manfred.
9 (RLIN) 68834
852 ## - LOCALIZACIÓN
Ubicación ES-MaACL
Número de control de estantería A-2344
Holdings
Estatus retirado Estado de pérdida Estado de daño No para préstamo Biblioteca de origen Biblioteca actual Ubicación en estantería Fecha de adquisición Fuente de adquisición Total de préstamos Signatura topográfica completa Código de barras Visto por última vez Precio de reemplazo Tipo de ítem Koha
        Biblioteca del Ateneo de Madrid Biblioteca del Ateneo de Madrid Sala Pecera Planta 1 17/01/2008     A-2344 1054718 23/02/2023 23/02/2023 Libro impreso